01405nam a2200325 i 450000500170000000700030001700800570002002000180007704000350009504100080013008200150013810000220015324501120017525000220028726400270030930000570033633600270039333700330042033800280045350502770048153400460075865000360080465000290084065000350086965000280090465000370093265000380096970000250100770000470103220220317000223.0ta200327c2000 mx a gr spa d spa a9789681834265 aCO-BoRNBPbspacCO-BoRNBPerda0 aspa04a690bB13c21 aBailey, H.eautor10aCurso básico de construcción, 3cH. Bailey, D.W. Hancock ; traducido por Carlos Alberto García Ferrer aPrimera edición 1aMéxicobLimusac2000 a160 páginasbilustraciones a blanco y negroc28 cm atextobtxt2rdacontent asin mediaciónbn2rdamedia avolumenbnc2rdacarrier1 aRevestimiento de edificios -- Características decorativas y funcionales -- Albañilería reforzada-- Construcción de escalones -- Drenaje -- Andamiajes -- Equipo para mantenimiento, modificaciones y reparación -- Pavimentación -- Cuantificación de materiales tBrickwork and associated studies volume 317aAlbañileríavManuales2LEMB17aAndamiosvManuales2LEMB17aConstrucciónvManuales2LEMB17aDrenajevManuales2LEMB17aRevestimiento para paredes2LEMB17aConstrucción de escaleras2LEMB1 aHancock, D.W.eautor1 aGarcía Ferrer, Carlos Albertoetraductor